000 01378nam a22002657a 4500
005 20170124103104.0
010 _aA-472683
020 _c40.00
035 _aA-472683
037 _bCen Lib/Ret
040 _aDPL
_bHN
082 _a821.08
_bगुप्तसु
100 _aगुप्त, सुरेशचन्द्र
_9130
245 _aतुलसी का काव्यदर्शन :
_cसुरेशचन्द्र गुप्त
_bगोस्वामी तुलसीदास की काव्यशास्त्रज्ञता और आलोचकीय समझ का विश्लेषण /
246 _aTulsi ka kavyadarshan : Goswami Tulsidas ki kavyashatrigyata or alochiya samajh ka vishleshan /
_bby Sureshchndra Gupt
260 _a दिल्ली
_bपराग प्रकाशन
_c1990
270 _b दिल्ली
_a3/114 कर्ण गली, विश्वास नगर, शाहदरा
_e110032
300 _a95पृ.
_c20सेमी(सजिल्द )
500 _aसन्दर्भ शामिल
650 _a साहित्य--कविता
_x
_977763
650 _aहिंदी--कविता
_977764
650 _aLiterature--Poetry
_977765
650 _aHindi--poetry
_977766
942 _2ddc
_cHN
_h821.08
_mगुप्तसु
999 _c117975
_d117975